Online
Catalog

Física de los gases totalmente ionizados / (Record no. 24867)

MARC details
000 -CABECERA
campo de control de longitud fija 00960nam a2200241 a 4500
001 - NÚMERO DE CONTROL
campo de control 000025375
005 - FECHA Y HORA DE LA ÚLTIMA TRANSACCIÓN
campo de control 20200930023737.0
008 - DATOS DE LONGITUD FIJA--INFORMACIÓN GENERAL
campo de control de longitud fija 110215s1969 sp ad r 000 0 spa d
040 ## - FUENTE DE LA CATALOGACIÓN
Centro catalogador/agencia de origen DO-SdBNP
Lengua de catalogación spa
Centro/agencia transcriptor BNPHU
082 ## - NÚMERO DE LA CLASIFICACIÓN DECIMAL DEWEY
Número de clasificación NNN
Número de documento/Ítem S761f
049 ## - FONDOS LOCALES (OCLC)
Fondos de biblioteca BNGR
100 1# - ENTRADA PRINCIPAL--NOMBRE DE PERSONA
Nombre de persona Spitzer, Lyman
9 (RLIN) 51948
240 10 - TÍTULO UNIFORME
Título uniforme Physics of fully ionized gases
Lenguaje de la obra Español.
245 10 - MENCIÓN DE TÍTULO
Título Física de los gases totalmente ionizados /
Mención de responsabilidad, etc. Lyman Spitzer ; versión española de Francisco Sánchez Quesada.
260 ## - PUBLICACIÓN, DISTRIBUCIÓN, ETC.
Lugar de publicación, distribución, etc. Madrid :
Nombre del editor, distribuidor, etc. Alhambra,
Fecha de publicación, distribución, etc. 1969.
300 ## - DESCRIPCIÓN FÍSICA
Extensión ix, 171 p. :
Otras características físicas il., diagrs ;
Dimensiones 20 cm.
490 1# - MENCIÓN DE SERIE
Mención de serie Exedra. Sección ll. Física (4)
-- Ciencia técnica ingeniería
Designación de volumen o secuencia 44
534 ## - NOTA SOBRE LA VERSIÓN ORIGINAL
Encabezamiento principal del original Título original
Mención de título del original Physics of fully ionized gases
500 ## - NOTA GENERAL
Nota general Incluye apéndice
504 ## - NOTA DE BIBLIOGRAFÍA, ETC.
Nota de bibliografía, etc. Incluye referencias bibliográficas al pie de las páginas
700 1# - PUNTO DE ACCESO ADICIONAL--NOMBRE DE PERSONA
Nombre de persona Sánchez Quesada, Francisco
9 (RLIN) 51949
830 #0 - PUNTO DE ACCESO ADICIONAL DE SERIE-TÍTULO UNIFORME
Título uniforme Exedra. Sección ll. Física (4)
Nombre de parte o sección de la obra Ciencia técnica ingeniería
Designación de volumen o secuencia 44
9 (RLIN) 51950
Holdings
Estado de retiro Estado de pérdida Restricciones de uso No para préstamo Código de colección Localización permanente Ubicación/localización actual Ubicación en estantería Fecha de adquisición Número de inventario Total de préstamos Signatura topográfica completa Código de barras Fecha visto por última vez Precio válido a partir de Tipo de ítem Koha
        Monografías: Libros y Folletos General General En catalogación 15.02.2011 LF1   NNN S761f 25375-10 25.06.2020 25.06.2020 Préstamo en sala

Powered by Koha